Animation Described - Statistics

General Stats
  • This quiz has been taken 41 times
  • The average score is 21 of 40
Answer Stats
Hint Answer % Correct
The adventures of 3 pre-historic pals and a buck tooth squirrel Ice Age
94%
Martial arts loving Po is chosen to be the Dragon Warrior Kung Fu Panda
74%
4 zoo animals destined for Africa find themselves stranded on a small island run by lemurs Madagascar
74%
Ogre and donkey rescue a cursed Princess from dragon-guarded tower Shrek
74%
Girl with long blonde hair escapes tower to see the lights that appear every year on her birthday Tangled
71%
A blue macaw journeys to Brazil to meet with the last female of his kind, ends up battling an evil cockatoo Rio
68%
Wiley fox, along with his bear sidekick, steal from the rich lion to feed the poor animals of Nottingham Robin Hood
68%
Elderly widow flies his house to a waterfall to fulfil late wife's wish, accompanied by brave young scout Up
68%
Dastardly villain plans to steal the moon, 3 young orphans steal his heart Despicable Me
65%
A stranded chameleon becomes the sheriff of a town called Dirt Rango
65%
Koala announces singing contest to save his theater Sing
65%
A colony of ants recruit circus bugs to help fend off a swarm of grasshoppers A Bug's Life
61%
Genius teen and inflatable robot team up to save the city of San Fransokyo Big Hero 6
61%
Fluffy penguin doesn't have the voice for singing, has a passion for dancing Happy Feet
61%
Arcade game villain wants to change, sets out to win a medal Wreck-It Ralph
61%
Actor dog truly believes he has superpowers Bolt
58%
A vacation home for all monsters Hotel Transylvania
58%
Blue villain defeats hero, creates a new hero to fight, backfires and ends up saving the city Megamind
58%
Two gnomes from different gardens fall in love, causing chaos with their warring families Gnomeo & Juliet
55%
Viking sets out to kill fire breathing monster and finds himself bonding with this mythical creature How To Train Your Dragon
55%
Snail is gifted with superspeed and aims to become a top racer Turbo
55%
Woman becomes a giant after being hit by a meteor, teams up with other creatures to stop alien invasion Monsters Vs Aliens
52%
Prehistoric family search for a new home, discover a hidden world full of wonderous animal The Croods
52%
A raccoon enlists some forest animals to help replace the food he stole from a bear Over The Hedge
48%
Flightless birds plot their escape from a farm Chicken Run
45%
Posh rat ends up in the sewer, fights ninja frogs with help of local girl rat Flushed Away
45%
Two elf brothers hit the road to cast a spell that will allow them to see their father one last time Onward
45%
A fish seeking to be somebody claims to be 'The Shark Slayer' Shark Tale
45%
A genius dog and his adopted son cause havoc using a time machine Mr Peabody & Sherman
42%
Jack Frost, Santa Claus, the Easter Bunny, Tooth Fairy and the Sandman face off against the evil Pitch Black Rise Of The Guardians
42%
Three kids discover that the home of a grumpy old man contains the soul of his late wife Monster House
39%
Boog the bear and Elliot the deer evade a hunter Open Season
39%
Boy is turned into a fish, squirrel and bird by long bearded wizard. Known as Wart The Sword In The Stone
39%
A Prince falls out with his brother when he refuses to let his people go The Prince Of Egypt
32%
Top spy is transformed into a pigeon and must save the world Spies In Disguise
29%
Rabbits flee their warren in search of a new home Watership Down
29%
Tiny girl kidnapped by deranged toad tries to find her way back to the fairy prince Thumbelina
26%
3 kids are turned into fish, search the ocean for antidote. Try to stop evil fish using the antidote to become superintelligent Help! I'm A Fish
16%
The animal sidekicks of these well known heroes must save the world from a bald guinea pig League Of Super-Pets
13%
Inventor and his dog hunt for the giant furry critter eating the neighbourhoods vegetables Wallace & Gromit : The Curse of The Were-Rabbit
10%
No matching quizzes found
Score Distribution
Percent of People with Each Score
Percentile by Number Answered
Your Score History
You have not taken this quiz